Microbial biotechnology (Record no. 28077)

MARC details
000 -LEADER
fixed length control field 00462nam a2200169Ia 4500
008 - FIXED-LENGTH DATA ELEMENTS--GENERAL INFORMATION
fixed length control field 230917s9999||||xx |||||||||||||| ||und||
020 ## - ISBN
Price RS2500
040 ## - CATALOGING SOURCE
-- 249806
Original cataloging agency VIVEKANANDA LIBRARY
041 ## - Language
-- English
082 ## - DDC NUMBER
Classification number 660.6024576 S92M
100 ## - MAIN ENTRY--PERSONAL NAME
Personal name Shukla, R N
245 #0 - TITLE STATEMENT
Title Microbial biotechnology
260 ## - PUBLICATION, DISTRIBUTION, ETC. (IMPRINT)
Place of publication, distribution, etc New Delhi
Name of publisher, distributor, etc Shree Publishers & Distributors
Date of publication, distribution, etc 2013
300 ## - PHYSICAL DESCRIPTION
Pages vii, 304 p.
500 ## - GENERAL NOTE
General note 3260 28/08/2018 IBS18/102 30/08/2018 Main Budget
942 ## - ADDED ENTRY ELEMENTS (KOHA)
Koha item type Books
Holdings
Withdrawn status Lost status Damaged status Not for loan Location (home branch) Sublocation or collection (holding branch) Shelving location Date acquired Koha issues (times borrowed) Koha full call number Accession No. Koha date last seen Koha item type
        VIVEKANANDA LIBRARY VIVEKANANDA LIBRARY UIET Library 20/09/2018   660.6024576 S92M 385127 17/09/2023 Books
        VIVEKANANDA LIBRARY VIVEKANANDA LIBRARY UIET Library 20/09/2018   660.6024576 S92M 385128 17/09/2023 Books
© Designed and Maintained by Vivekananda Library, MDU Rohtak